000 00305nam a22001337a 4500
008 170804b xxu||||| |||| 00| 0 eng d
020 _a9780070342248
041 _aeng
080 _a004
100 _a33
101 _aSHK
245 _aAN INTRODUCTION TO COMPUTER SCIENCE
_cKAMIN,S.K
942 _2udc
_cBK
999 _c22720
_d22720